01229nam a2200277 a 4500001001000000003000900010005001700019008004100036040002500077082002800102110007600130245006700206250001100273260006100284300002100345590002600366650003100392650004600423650006000469650005200529651005600581942001400637952015500651952012800806999001700934000037948DO-SdBNP20251022101015.0130311s2006 dr r 000 0 spa d aDO-SdBNPbspacBNPHU 4a352.48bR426m, 20062221 aRepública DominicanabSecretariado Técnico de la Presidencia93202410aManual de clasificadores presupuestarios del sector público. a4a ed. aSanto Domingo :bOficina Nacional de Presupuesto,c2006. a197 p. ;c23 cm. aInventariado, 2018/BT 0aFinanzas públicas932168 4aPresupuestozRepública Dominicana97940 4aRepública dominicanaxCondiciones económicas910259 4aGastos públicoszRepública Dominicana96405 4aRepública DominicanaxPolítica Económica9643 2ddccLBS1 0010718PDaPDbPDcHDd2013-03-11iLF1l0o352.48 R426m, 2006p37948-10r2020-06-25w2020-06-25yLFPDzDonado por Francisco Cáceres.ZNo se presta 0010718PDaPDbPDcHDd2018-08-27iLF1l0o352.48 R426m, 2006p37948-20r2020-06-25te. 2w2020-06-25yLFPDZNo se presta c37438d37438